Primetime Emmy Winners for Outstanding Drama Series - Statistics

General Stats
  • This quiz has been taken 96 times
    60 since last reset
  • The average score is 21 of 46
Answer Stats
Year Season Show Network % Correct
2014 S5 (Part 2) Breaking Bad AMC
92%
2013 S5 (Part 1) Breaking Bad AMC
92%
2019 S8 Game of Thrones HBO
89%
2018 S7 Game of Thrones HBO
89%
2016 S6 Game of Thrones HBO
89%
2015 S5 Game of Thrones HBO
89%
2007 S6 (Part 2) The Sopranos HBO
78%
2004 S5 The Sopranos HBO
78%
2011 S4 Mad Men AMC
72%
2010 S3 Mad Men AMC
72%
2009 S2 Mad Men AMC
72%
2008 S1 Mad Men AMC
72%
2023 S4 Succession HBO
64%
2022 S3 Succession HBO
64%
2020 S2 Succession HBO
64%
2025 S1 The Pitt HBO Max
53%
1996 S2 ER NBC
50%
2003 S4 The West Wing NBC
50%
2002 S3 The West Wing NBC
50%
2001 S2 The West Wing NBC
50%
2000 S1 The West Wing NBC
50%
1997 S7 Law & Order NBC
44%
2024 S1 Shogun FX
44%
2017 S1 The Handmaid's Tale Hulu
44%
2006 S5 24 Fox
42%
2021 S4 The Crown Netflix
36%
2012 S1 Homeland Showtime
33%
2005 S1 Lost ABC
33%
1995 S2 NYPD Blue ABC
33%
1984 S4 Hill Street Blues NBC
25%
1983 S3 Hill Street Blues NBC
25%
1982 S2 Hill Street Blues NBC
25%
1981 S1 Hill Street Blues NBC
25%
1999 S3 The Practice ABC
25%
1998 S2 The Practice ABC
25%
1991 S5 L.A. Law NBC
19%
1990 S4 L.A. Law NBC
19%
1989 S3 L.A. Law NBC
19%
1987 S1 L.A. Law NBC
19%
1994 S2 Picket Fences CBS
19%
1993 S1 Picket Fences CBS
19%
1986 S5 Cagney & Lacey CBS
14%
1985 S4 Cagney & Lacey CBS
14%
1980 S3 Lou Grant CBS
14%
1988 S1 thirtysomething ABC
14%
1992 S3 Northern Exposure CBS
11%
No matching quizzes found
Score Distribution
Percent of People with Each Score
Percentile by Number Answered
Your Score History
You have not taken this quiz since the last reset